000 01215nam a22003737a 4500
001 BR2016000935
003 BR-BrBNA
005 20230928104818.0
007 ta
008 230509b bl.||||| |||| 00| 0 por d
040 _aBR-BrBNA
_bpor
_cBiblioteca Nacional de Agricultura
041 _a(Por)
072 _aE21; E14
_b0600
_b1300
090 _ 0600 BR2016000935
100 1 _aSantos, J.A.N. dos
100 1 _aCarneiro, W.M.A.
100 1 _aBrainer, M.S. de C.P.
100 1 _aSouza, G.S. de
100 1 _aSilva, C.H.G. e
110 1 _aBanco do Nordeste do Brasil, Fortaleza, CE (Brasil)
_91130
245 1 _aA agroindústria de alimentos de frutas e hortaliças no Nordeste e demais áreas de atuação do BNB: desempenho recente e possibilidades de políticas
_bSérie Documentos do Etene Nº 24
260 3 _aFortaleza, CE (Brasil):
_c2008.
300 _a324 p.
500 _aBibliography p. 309-318; 42 illus.; 31 graphs.; 88 tables
650 _aINDÚSTRIA AGRÍCOLA
650 _aPESQUISA
650 _aFRUTA
650 _aHORTALIÇA
650 _aMERCADO
650 _aLOGÍSTICA
650 _aDESENVOLVIMENTO ECONÔMICO
909 _a202309
_bLucia
_c55
_dLucia Elande
942 _cBK
999 _c81877
_d81877